Miss Universe 2025 - Top 30 - Statistiken

Allgemein
  • Dieses Quiz wurde 10 mal gespielt
  • Das Durchschnittsergebnis liegt bei 19 aus 30
Antwortstatistiken
Platz Land % Korrekt
19. Frankreich🇫🇷
100%
15. Kanada🇨🇦
100%
8. Kolumbien🇨🇴
100%
🥇 Mexiko🇲🇽
100%
28. Vereinigte Staaten🇺🇸
100%
14. Brasilien🇧🇷
89%
6. Chile🇨🇱
89%
7. China🇨🇳
89%
21. Indien🇮🇳
89%
22. Japan🇯🇵
89%
🥈 Thailand🇹🇭
78%
🥉 Venezuela🇻🇪
78%
18. Dominikanische Republik🇩🇴
67%
17. Kroatien🇭🇷
67%
23. Niederlande🇳🇱
67%
26. Paraguay🇵🇾
67%
9. Kuba🇨🇺
56%
24. Nicaragua🇳🇮
56%
13. Bangladesch🇧🇩
44%
16. Costa Rica🇨🇷
44%
20. Guatemala🇬🇹
44%
4. Philippinen🇵🇭
44%
5. Elfenbeinküste🇨🇮
33%
11. Malta🇲🇹
33%
25. Palästina🇵🇸
33%
30. Armenien🇦🇲
22%
10. Guadeloupe🇬🇵
22%
12. Puerto Rico🇵🇷
22%
27. Ruanda🇷🇼
22%
29. Simbabwe🇿🇼
22%
Keine übereinstimmenden Quizze gefunden
Verteilung der Resultate
Anzahl Personen mit jedem Resultat
Perzentil nach korrekt beantworteten Fragen
Ihre Resultats-Entwicklung
Sie haben dieses Quiz noch nicht gespielt